Alle Buchstaben des deutschen Alphabets - Statistiken

Allgemein
  • Dieses Quiz wurde 423 mal gespielt
  • Das Durchschnittsergebnis liegt bei 28 aus 29
Antwortstatistiken
Antwort % Korrekt
A
100%
Ä
100%
E
100%
B
99%
C
99%
D
99%
F
98%
G
98%
H
98%
I
98%
J
98%
K
98%
L
98%
O
98%
Ö
98%
Q
98%
R
98%
S
98%
T
98%
U
98%
Ü
98%
W
98%
M
97%
N
97%
V
97%
P
96%
Z
96%
X
95%
Y
94%
Keine übereinstimmenden Quizze gefunden
Verteilung der Resultate
Anzahl Personen mit jedem Resultat
Perzentil nach korrekt beantworteten Fragen
Ihre Resultats-Entwicklung
Sie haben dieses Quiz noch nicht gespielt